Manažment efektívnosti využívania neobežného majetku v podniku
Efektívne využívanie neobežného majetku v podniku je predpokladom úspešného fungovania v trhovej ekonomike. Neobežný majetok vstupuje do podniku, má svoj životný cyklus a potom v podniku končí. Počas celej svojej doby životnosti sa v podniku postupne prenáša zo svojej pozície v majetkovej štruktúre,...
Na minha lista:
| Autor principal: | |
|---|---|
| Formato: | Capítulo de Livro |
| Idioma: | eslovaco |
| Assuntos: | |
| Tags: |
Sem tags, seja o primeiro a adicionar uma tag!
|
MARC
| LEADER | 00000nla a2200000 4500 | ||
|---|---|---|---|
| 001 | 0183194 | ||
| 005 | 20221020085333.2 | ||
| 041 | 0 | |a slo | |
| 044 | |a SK | ||
| 245 | 1 | 0 | |a Manažment efektívnosti využívania neobežného majetku v podniku |c Anna Jacková |
| 520 | |a Efektívne využívanie neobežného majetku v podniku je predpokladom úspešného fungovania v trhovej ekonomike. Neobežný majetok vstupuje do podniku, má svoj životný cyklus a potom v podniku končí. Počas celej svojej doby životnosti sa v podniku postupne prenáša zo svojej pozície v majetkovej štruktúre, cez náklady až do konečnej ceny výrobkov, tovarov a služieb. | ||
| 610 | 2 | 0 | |a podnik |
| 610 | 2 | 0 | |a majetok podnikový |
| 610 | 2 | 0 | |a majetok neobežný |
| 610 | 2 | 0 | |a majetok hmotný |
| 610 | 2 | 0 | |a majetok nehmotný |
| 610 | 2 | 0 | |a investície finančné |
| 100 | 1 | |a Jacková, Anna | |